Final reflections emerging market multinational enterprises in East Central Europe /

Elmentve itt :
Bibliográfiai részletek
Szerzők: Szunomár Ágnes
Gerőcs Tamás
Kiss Judit
Peragovics Tamás
Ricz Judit
Szanyi Miklós
Szigetvári Tamás
Völgyi Katalin
Weiner Csaba
Dokumentumtípus: Könyv része
Megjelent: Palgrave Macmillan Cham 2020
Sorozat:Studies in Economic Transition
Emerging-market multinational enterprises in East Central Europe
Tárgyszavak:
doi:10.1007/978-3-030-55165-0_10

mtmt:31671547
Online Access:http://publicatio.bibl.u-szeged.hu/39960
LEADER 01297naa a2200337 i 4500
001 publ39960
005 20260423093447.0
008 260423s2020 hu o 000 eng d
020 |a 9783030551643; 9783030551650 
024 7 |a 10.1007/978-3-030-55165-0_10  |2 doi 
024 7 |a 31671547  |2 mtmt 
040 |a SZTE Publicatio Repozitórium  |b hun 
041 |a eng 
100 1 |a Szunomár Ágnes 
245 1 0 |a Final reflections  |h [elektronikus dokumentum] :  |b emerging market multinational enterprises in East Central Europe /  |c  Szunomár Ágnes 
260 |a Palgrave Macmillan  |b Cham  |c 2020 
300 |a 9 
300 |a 313-321 
490 0 |a Studies in Economic Transition 
490 0 |a Emerging-market multinational enterprises in East Central Europe 
650 4 |a Közgazdasági és gazdálkodástudományok 
700 0 1 |a Gerőcs Tamás  |e aut 
700 0 1 |a Kiss Judit  |e aut 
700 0 1 |a Peragovics Tamás  |e aut 
700 0 1 |a Ricz Judit  |e aut 
700 0 1 |a Szanyi Miklós  |e aut 
700 0 1 |a Szigetvári Tamás  |e aut 
700 0 1 |a Völgyi Katalin  |e aut 
700 0 1 |a Weiner Csaba  |e aut 
856 4 0 |u http://publicatio.bibl.u-szeged.hu/39960/1/11_Finalreflections.pdf  |z Dokumentum-elérés  
856 4 0 |u http://publicatio.bibl.u-szeged.hu/39960/7/Szunom%C3%A1r_Emerging-market_TOC.pdf  |z Dokumentum-elérés